[Event "ECU-ch"]
[Site "Quito"]
[Date "2023.06.22"]
[Round "3"]
[White "Cruz Reyes, Nick Steven"]
[Black "Guerrero Fuentes, Carlos Andres"]
[Result "0-1"]
[WhiteElo "1387"]
[BlackElo "2061"]
[PlyCount "70"]
[EventDate "2023.06.21"]
[EventType "swiss"]
[EventRounds "9"]
[EventCountry "ECU"]
[SourceTitle "CBM 215 Extra"]
[Source "ChessBase"]
[SourceDate "2023.09.30"]
[SourceVersion "1"]
[SourceVersionDate "2023.09.30"]
[SourceQuality "1"]

1. d4 Nf6 2. Bf4 c5 3. e3 g6 4. Nd2 Bg7 5. Ngf3 0-0 6. Be2 cxd4 7. exd4 Nc6 8. c3 d6 9. h3 Re8 10. Nb3 Qb6 11. d5 Ne5 12. Be3 Qc7 13. 0-0 Nc4 14. Bc1 Nb6 15. c4 e5 16. Be3 Nxc4 17. Qc2 b5 18. Rfd1 Bf5 19. Qc1 Rac8 20. Bxc4 bxc4 21. Nbd2 Bd3 22. Ne1 Be2 23. Nb1 Bxd1 24. Qxd1 Qb7 25. Nc3 Qxb2 26. Bd2 Qb7 27. Rb1 Qd7 28. Be3 Rb8 29. Nc2 Rec8 30. Nb4 Bf8 31. Bg5 a5 32. Nc6 Rxb1 33. Qxb1 Nxd5 34. Nxd5 Qxc6 35. Qe4 f5 0-1

[Event "ECU-ch"]
[Site "Salinas"]
[Date "2021.12.18"]
[Round "6"]
[White "Guerrero Fuentes, Carlos Andres"]
[Black "Noboa Silva, Kevin Omar"]
[Result "0-1"]
[WhiteElo "2089"]
[BlackElo "2331"]
[PlyCount "78"]
[EventDate "2021.12.16"]
[EventType "swiss"]
[EventRounds "7"]
[EventCountry "ECU"]
[SourceTitle "EXT 2023"]
[Source "ChessBase"]
[SourceDate "2022.10.05"]
[SourceVersion "1"]
[SourceVersionDate "2022.10.05"]
[SourceQuality "1"]

1. e4 c5 2. d4 cxd4 3. c3 Nf6 4. e5 Nd5 5. cxd4 Nc6 6. Nf3 d6 7. exd6 Qxd6 8. Nc3 Bg4 9. Be2 e6 10. 0-0 Be7 11. h3 Bh5 12. Ne4 Qb4 13. Bd2 Qb6 14. Bc3 0-0 15. Ne5 Bxe2 16. Qxe2 Nxe5 17. dxe5 Rfd8 18. Rfd1 Nxc3 19. Nxc3 Qa5 20. a3 a6 21. Qe4 Qb6 22. Qe2 h6 23. Kh2 Qb3 24. Ne4 Rd5 25. Rxd5 Qxd5 26. f4 Rc8 27. Rd1 Qc6 28. Qf3 g6 29. Qe3 Kg7 30. Rd3 Rd8 31. Rxd8 Bxd8 32. Nd6 Be7 33. Qd4 Kf8 34. b4 h5 35. Ne4 Qd5 36. Qe3 Kg7 37. Nd2 Bh4 38. Nf3 Be7 39. Qd2 Kf8 0-1

[Event "ECU-ch"]
[Site "Salinas"]
[Date "2021.12.17"]
[Round "4"]
[White "Guerrero Fuentes, Carlos Andres"]
[Black "Chilan Villa, Andres Jesus"]
[Result "1/2-1/2"]
[WhiteElo "2089"]
[BlackElo "1715"]
[PlyCount "105"]
[EventDate "2021.12.16"]
[EventType "swiss"]
[EventRounds "7"]
[EventCountry "ECU"]
[SourceTitle "EXT 2023"]
[Source "ChessBase"]
[SourceDate "2022.10.05"]
[SourceVersion "1"]
[SourceVersionDate "2022.10.05"]
[SourceQuality "1"]

1. g3 Nf6 2. Bg2 g6 3. c4 c5 4. Nc3 Bg7 5. e4 Nc6 6. Nge2 0-0 7. 0-0 d6 8. d3 a6 9. h3 Rb8 10. a4 Ne8 11. Be3 Nc7 12. d4 cxd4 13. Nxd4 Ne6 14. Nde2 Nc5 15. Rb1 Nb4 16. Nd5 Nxd5 17. cxd5 Bd7 18. b3 b5 19. axb5 Bxb5 20. Nd4 Bxf1 21. Nc6 Qc7 22. Bxf1 Rb6 23. Qc2 Rxc6 24. dxc6 Qxc6 25. b4 Qxe4 26. Qxe4 Nxe4 27. Bxa6 Nc3 28. Rb3 Rb8 29. b5 Bd4 30. Kf1 Bxe3 31. Rxc3 Bc5 32. f3 Kg7 33. Ke2 Kf6 34. Rc4 e5 35. f4 Re8 36. Re4 Bd4 37. Bb7 Ke6 38. fxe5 dxe5 39. Kd3 Re7 40. Bc8+ Kd6 41. Ba6 Rc7 42. Kd2 f5 43. Re2 Kc5 44. Kd1 Kb6 45. Rc2 h5 46. Rxc7 Kxc7 47. Ke2 Bc3 48. Kf3 Bd2 49. g4 e4+ 50. Ke2 Bf4 51. b6+ Kxb6 52. Bc4 Kc7 53. Bf7 1/2-1/2

[Event "Preinscritos IRT Online"]
[Site "Chess.com INT"]
[Date "2020.12.26"]
[Round "3"]
[White "Guerrero Fuentes, Carlos Andres"]
[Black "Carrera Marmolejo, Alfonso Rodrigo"]
[Result "0-1"]
[WhiteElo "2078"]
[BlackElo "1092"]
[PlyCount "108"]
[EventDate "2020.12.26"]
[EventType "swiss"]
[EventRounds "11"]
[EventCountry "ECU"]
[SourceTitle "CBM 200 Extra"]
[Source "ChessBase"]
[SourceDate "2021.03.31"]
[SourceVersion "1"]
[SourceVersionDate "2021.03.31"]
[SourceQuality "1"]

1. d4 Nf6 2. Nf3 g6 3. c4 Bg7 4. Nc3 d5 5. cxd5 Nxd5 6. e4 Nxc3 7. bxc3 0-0 8. h3 c5 9. Be3 cxd4 10. cxd4 Nc6 11. Bc4 a6 12. 0-0 b5 13. Be2 Bb7 14. Rc1 Rc8 15. a4 b4 16. d5 Ne5 17. Nxe5 Bxe5 18. Rxc8 Qxc8 19. a5 Qc3 20. Qa4 Rc8 21. Qd7 Qc7 22. Qa4 Qd6 23. Rb1 Bc3 24. Qb3 Kg7 25. Rc1 e6 26. Bc4 exd5 27. Bxd5 Bxd5 28. exd5 Rd8 29. Rxc3 bxc3 30. Qxc3+ Kg8 31. Bh6 f6 32. Qc4 Qxd5 33. Qxa6 Qd1+ 34. Kh2 Qd6+ 35. Qxd6 Rxd6 36. Be3 Ra6 37. Bb6 Kf7 38. Kg3 g5 39. Kf3 h5 40. Ke4 Ke6 41. Kd4 Kd6 42. g4 hxg4 43. hxg4 Ra8 44. Ke4 Ke6 45. Kd4 Kd6 46. Kc4 Kc6 47. Kd4 Re8 48. Kc4 Re4+ 49. Kd3 Rxg4 50. Ke3 f5 51. f3 Ra4 52. Kf2 Kd5 53. Kg3 Ra3 54. Bd8 g4 0-1

[Event "Preinscritos IRT Online"]
[Site "Chess.com INT"]
[Date "2020.12.26"]
[Round "6"]
[White "Noboa Silva, Kevin Omar"]
[Black "Guerrero Fuentes, Carlos Andres"]
[Result "1-0"]
[WhiteElo "2412"]
[BlackElo "2078"]
[PlyCount "101"]
[EventDate "2020.12.26"]
[EventType "swiss"]
[EventRounds "11"]
[EventCountry "ECU"]
[SourceTitle "CBM 200 Extra"]
[Source "ChessBase"]
[SourceDate "2021.03.31"]
[SourceVersion "1"]
[SourceVersionDate "2021.03.31"]
[SourceQuality "1"]

1. e4 g6 2. d4 Bg7 3. Nf3 d6 4. c3 Nf6 5. Bd3 0-0 6. h3 c5 7. 0-0 cxd4 8. cxd4 Nc6 9. Nc3 Bd7 10. Re1 e5 11. Bg5 h6 12. Bxf6 Bxf6 13. Nd5 exd4 14. Bb5 Bg7 15. Qd2 a6 16. Ba4 b5 17. Bb3 Ne5 18. Nxd4 Rc8 19. Rad1 Nc4 20. Bxc4 Rxc4 21. Nf3 Re8 22. e5 dxe5 23. Ne3 Rc7 24. Qa5 Qc8 25. Nd5 Rc6 26. Nb4 Rc7 27. Qxa6 e4 28. Nd4 Rc4 29. Qxc8 Bxc8 30. Ndc6 Bxb2 31. Rb1 Bc3 32. Rec1 Bb7 33. Na5 Rxb4 34. Nxb7 Rxb1 35. Rxb1 b4 36. Nd6 Re6 37. Nc4 Rc6 38. Ne3 f5 39. g3 Kf7 40. h4 Ke6 41. Rb3 Ke5 42. a3 bxa3 43. Rxa3 Bd4 44. Ra5+ Ke6 45. Nd5 Rc1+ 46. Kg2 Rc2 47. Nf4+ Kf7 48. Ra6 Rxf2+ 49. Kh3 Rd2 50. Nxg6 e3 51. Nf4 1-0

[Event "ECU-ch"]
[Site "Banos de Agua Santa"]
[Date "2020.03.14"]
[Round "7"]
[White "Guerrero Fuentes, Carlos Andres"]
[Black "Saltos Velez, Adrian Arturo"]
[Result "1/2-1/2"]
[WhiteElo "2101"]
[BlackElo "2074"]
[PlyCount "49"]
[EventDate "2020.03.10"]
[EventType "swiss"]
[EventRounds "9"]
[EventCountry "ECU"]
[SourceTitle "CBM 195 Extra"]
[Source "ChessBase"]
[SourceDate "2020.05.31"]
[SourceVersion "1"]
[SourceVersionDate "2020.05.31"]
[SourceQuality "1"]

1. Nf3 Nf6 2. g3 g6 3. Bg2 Bg7 4. 0-0 0-0 5. d4 d6 6. c4 Nc6 7. Nc3 a6 8. c5 d5 9. h3 Ne4 10. Bf4 h6 11. Be3 Kh7 12. Qa4 f5 13. Rad1 e6 14. Nxe4 fxe4 15. Nh2 Bd7 16. Qc2 b6 17. f3 bxc5 18. Qxc5 exf3 19. Nxf3 Rb8 20. b3 Qe7 21. Rc1 Qxc5 22. Rxc5 Rb4 23. Rfc1 Rb6 24. Rd1 Rf7 25. Bf4 1/2-1/2

[Event "World Amateur-ch U2300"]
[Site "Spoleto"]
[Date "2017.04.03"]
[Round "4"]
[White "Maddens, Martijn"]
[Black "Guerrero Fuentes, Carlos Andres"]
[Result "1-0"]
[WhiteElo "2206"]
[BlackElo "2073"]
[PlyCount "59"]
[EventDate "2017.04.01"]
[EventType "swiss"]
[EventRounds "9"]
[EventCountry "ITA"]
[SourceTitle "CBM 177 Extra"]
[Source "ChessBase"]
[SourceDate "2017.04.27"]
[SourceVersion "1"]
[SourceVersionDate "2017.04.27"]
[SourceQuality "1"]

1. e4 c5 2. c3 g6 3. d4 cxd4 4. cxd4 d5 5. e5 Bg7 6. Nc3 Nh6 7. Bf4 0-0 8. Qd2 Nf5 9. g4 g5 10. gxf5 gxf4 11. Qxf4 Nc6 12. Bg2 Nb4 13. 0-0-0 Qb6 14. Kb1 Bh6 15. Qg4+ Kh8 16. Qh5 Rg8 17. Bh3 Rg5 18. Qxf7 Bd7 19. e6 Bb5 20. Nf3 Bd3+ 21. Rxd3 Nxd3 22. Na4 Qb4 23. Nxg5 Bxg5 24. f6 Bxf6 25. Bf5 Bg7 26. Qh5 h6 27. Qg6 Kg8 28. Rg1 Qxd4 29. Bxd3 Rc8 30. Rg3 1-0

[Event "World Amateur-ch U2300"]
[Site "Spoleto"]
[Date "2017.04.02"]
[Round "3"]
[White "Guerrero Fuentes, Carlos Andres"]
[Black "Lopez Ramirez, Jorge Hernan"]
[Result "1-0"]
[WhiteElo "2073"]
[BlackElo "1962"]
[PlyCount "61"]
[EventDate "2017.04.01"]
[EventType "swiss"]
[EventRounds "9"]
[EventCountry "ITA"]
[SourceTitle "CBM 177 Extra"]
[Source "ChessBase"]
[SourceDate "2017.04.27"]
[SourceVersion "1"]
[SourceVersionDate "2017.04.27"]
[SourceQuality "1"]

1. d4 Nf6 2. Nf3 g6 3. c4 Bg7 4. Nc3 0-0 5. e4 d6 6. Be2 e5 7. 0-0 Nc6 8. d5 Ne7 9. b4 Ne8 10. c5 f5 11. Nd2 f4 12. Nc4 Rf7 13. a4 Bf8 14. Ba3 Rg7 15. b5 g5 16. Bg4 Nf6 17. Bxc8 Rxc8 18. Qb3 Ng6 19. a5 Kh8 20. b6 axb6 21. axb6 dxc5 22. Rfd1 Bd6 23. bxc7 Qxc7 24. Nb5 Qd8 25. Ncxd6 c4 26. Qc2 Rb8 27. Nxc4 f3 28. g3 Nf4 29. Nxe5 Ne2+ 30. Kf1 Rc8 31. Qd3 1-0

[Event "ECU pre olympic"]
[Site "Duran"]
[Date "2016.05.10"]
[Round "2"]
[White "Guerrero Fuentes, Carlos Andres"]
[Black "Noboa Silva, Kevin Omar"]
[Result "0-1"]
[WhiteElo "2058"]
[BlackElo "2126"]
[PlyCount "130"]
[EventDate "2016.05.09"]
[EventType "tourn"]
[EventRounds "11"]
[EventCountry "ECU"]
[SourceTitle "CBM 172 Extra"]
[Source "ChessBase"]
[SourceDate "2016.06.21"]
[SourceVersion "1"]
[SourceVersionDate "2016.06.21"]
[SourceQuality "1"]

1. d4 e6 2. Nf3 Nf6 3. c4 Bb4+ 4. Bd2 Qe7 5. a3 Bxd2+ 6. Qxd2 d6 7. Nc3 0-0 8. e4 e5 9. dxe5 dxe5 10. Nd5 Qd8 11. Rd1 Nc6 12. h3 Nxe4 13. Qc2 f5 14. Nb6 Nd4 15. Nxd4 axb6 16. Ne6 Bxe6 17. Rxd8 Raxd8 18. Bd3 Nc5 19. Be2 Rd4 20. 0-0 Rfd8 21. Rd1 g6 22. Rxd4 exd4 23. Bd3 Nxd3 24. Qxd3 c5 25. b3 Kf7 26. Kf1 Ra8 27. Qf3 Rb8 28. Ke1 Kf6 29. Kd2 Ke7 30. Qf4 Rc8 31. Qh6 Bf7 32. Qxh7 Rc6 33. Qh8 Kd7 34. Qb8 Rc7 35. h4 Kc6 36. Qd8 Rd7 37. Qf6+ Kc7 38. a4 Be8 39. g3 Rd6 40. Qe5 Bc6 41. a5 bxa5 42. Qxc5 b6 43. Qe5 Be4 44. c5 bxc5 45. Qxc5+ Rc6 46. Qxa5+ Kd7 47. Qa7+ Ke6 48. Qg7 Rc2+ 49. Kd1 d3 50. Qxg6+ Kd5 51. Qf7+ Kd4 52. Qf6+ Kc5 53. Qe7+ Kb5 54. Qe5+ Kb4 55. Qf4 Kc3 56. f3 d2 57. Qe3+ Bd3 58. Qc5+ Kxb3 59. Qb6+ Kc3 60. Qa5+ Kd4 61. h5 Ke3 62. Qa7+ Kxf3 63. h6 Be2+ 64. Kxc2 d1Q+ 65. Kc3 Qc1+ 0-1

[Event "ECU-ch"]
[Site "Guayaquil"]
[Date "2014.07.05"]
[Round "7"]
[White "Chang Suarez, Andres Felipe"]
[Black "Guerrero Fuentes, Carlos Andres"]
[Result "1/2-1/2"]
[WhiteElo "2014"]
[BlackElo "2078"]
[PlyCount "20"]
[EventDate "2014.07.01"]
[EventType "tourn"]
[EventRounds "7"]
[EventCountry "ECU"]
[SourceTitle "CBM 161 Extra"]
[Source "ChessBase"]
[SourceDate "2014.08.29"]
[SourceVersion "1"]
[SourceVersionDate "2014.08.29"]
[SourceQuality "1"]

1. e4 c5 2. Nc3 e6 3. g3 g6 4. Bg2 Bg7 5. Nge2 Ne7 6. d3 Nbc6 7. 0-0 0-0 8. f4 d5 9. a4 d4 10. Nb1 f5 1/2-1/2